| 000 | 01386nam0a22003131 4500 | ||
|---|---|---|---|
| 001 | rc\3976491 | ||
| 005 | 20250611043252.0 | ||
| 021 |
_aRU _b[55-29550] |
||
| 035 | _a(NLR Aleph) 008059031 | ||
| 090 |
_a8990740 _c8990740 |
||
| 100 | _a20130415d1955 |||y0rusy50 ca | ||
| 101 | 0 | _arus | |
| 102 | _aRU | ||
| 105 | _aa j ||||| | ||
| 200 | 1 |
_aЭлектрооборудование предприятий текстильной промышленности _e[Учебник для текстильных вузов] |
|
| 210 |
_aМосква _cГизлегпром _d1955 |
||
| 215 |
_a475 с., 6 л. схем. _cил. _d23 |
||
| 300 | _aПеред загл. авт.: И.А. Петров, Я.В. Мильман и А.Н. Шмелев | ||
| 320 | _aБиблиогр.: с. 466 | ||
| 606 |
_aТекстильные фабрики _xЭлектрооборудование _jУчебники и пособия _2psbo |
||
| 700 | 1 |
_7ca _8rus _aПетров _bИ. А. _cд-р техн. наук, электротехника _f1900-1960 _gИван Арсеньевич _9268577 _3RU\NLR\AUTH\770268633 |
|
| 701 | 1 |
_aМильман _bЯ. В. _gЯков Владимирович |
|
| 701 | 1 |
_aШмелев _bА. Н. _gАлександр Николаевич |
|
| 801 | 0 |
_aRU _bNLR _gpsbo |
|
| 801 | 1 |
_aRU _bELAR _2rusmarc |
|
| 852 |
_aNLR _jТ56 Г-5/336 |
||
| 942 | _cBOOK | ||
| 980 | _aNB | ||